| 000 | 02022nam0a2200349 4500 | ||
|---|---|---|---|
| 001 | RU\NLR\BIBL_A\011212199 | ||
| 005 | 20250625215556.0 | ||
| 010 |
_a978-5-4424-0099-1 _9200 |
||
| 021 |
_aRU _b2016-66763 _94278 |
||
| 035 | _a(NLR Aleph) 011212199 | ||
| 090 |
_a11979041 _c11979041 |
||
| 100 | _a20160914d2016 |||y0rusy50 ca | ||
| 101 | 0 | _aeng | |
| 102 | _aRU | ||
| 105 | _aa j 000yy | ||
| 200 | 1 |
_aPrincipal ways in the study of public health _e(an educational manual for English-speaking students of the Faculty of foreign students) _fZh. B. Naberezhnaya, I. B. Naberezhnaya, A. S. Nimgirova, D. N. Urazalieva _gunder the ed. of Prof. A. G. Serdyukov _gAstrakhan state med. univ. |
|
| 210 |
_aAstrakhan _cPublishing house of the Astrakhan state medical university _d2016 |
||
| 215 |
_a51, [1] с. _cсхем. _d20 |
||
| 300 | _aНа обл. загл. и авт. парал. на рус. яз.: Основные подходы изучения здоровья населения (учебно-методическое пособие для англоязычных студентов ФИС) / Ж. Б. Набережная, И. Б. Набережная, А. С. Намгирова, Д. Н. Уразалиева | ||
| 320 | _aБиблиогр.: с. 51 (9 назв.) | ||
| 512 | 1 |
_aОсновные подходы изучения здоровья населения _e(учебно-методическое пособие для англоязычных студентов ФИС) |
|
| 606 | 1 |
_aЗдоровье _jУчебные издания для высших учебных заведений _9914972 _3RU\NLR\AUTH\6615228 |
|
| 686 | 1 | _aР11(2)0я73 | |
| 701 | 1 |
_aNaberežnaja _bŽ. B. _gŽanna Borisovna |
|
| 701 | 1 |
_aNaberežnaja _bI. B. _gInna Borisovna |
|
| 701 | 1 |
_aNimgirova _bA. S. _gAlena Sergeevna |
|
| 701 | 1 |
_aUrazalieva _bD. N. _gDina Nurtazaevna |
|
| 702 | 1 |
_aSerdjukov _bA. G. _gAnatolij Gavrilovič _4340 |
|
| 942 | _cBOOK | ||
| 980 | _aNB | ||